| 000 | 00964nam a2200253Ia 4500 | ||
|---|---|---|---|
| 003 | GCL | ||
| 005 | 20240530095611.0 | ||
| 008 | 140319s9999 xx 000 0 ara d | ||
| 020 | _a5172322977 | ||
| 040 |
_aGCL / _cGCL |
||
| 082 | 0 | 4 |
_a811.009 _bع د |
| 100 | 1 | _aعبدالرازق بركات | |
| 245 | 1 | 0 |
_aدراسات مقارنة فى الادب العربى والتركى المعاصر / _cعبدالرازق بركات |
| 260 |
_aالقاهرة : _bعين للدراسات والبحوث الانسانية والاجتماعية ، _c2006 |
||
| 300 |
_a386 ص ؛ _c24 سم |
||
| 650 | 0 | 4 | _aالشعر العربى - تاريخ ونقد |
| 650 | 0 | 4 | _aصلاح عبدالصبور |
| 650 | 0 | 4 | _aعبدالوهاب البياتى |
| 650 | 0 | 4 | _aناظم حكمت |
| 650 | 0 | 4 | _aالقصص العربية - تاريخ ونقد |
| 650 | 0 | 4 | _aرباعيات الخيام |
| 650 | 0 | 4 | _aالشعر التركى - تاريخ ونقد |
| 942 |
_2ddc _cBK |
||
| 999 |
_c8722 _d8722 |
||